『パフェいわし』の歌詞 - Statistics

General Stats
  • This quiz has been taken 4,062 times
  • The average score is 8 of 12
Answer Stats
Answer % Correct
サーモン
92%
パフェ
88%
いわし
88%
中トロ
86%
ハンバーグ
85%
はまち
83%
いなり
63%
サーモン炙り
55%
サラダ
48%
甘えびロール
45%
かっぱ寿司
40%
おいしカッパ
10%
No matching quizzes found
Score Distribution
Percent of People with Each Score
Percentile by Number Answered
Your Score History
You have not taken this quiz